अहिनकुल (Record no. 370029)

MARC details
000 -LEADER
fixed length control field 00461nam a2200157Ia 4500
005 - DATE AND TIME OF LATEST TRANSACTION
control field 20260121165316.0
008 - FIXED-LENGTH DATA ELEMENTS--GENERAL INFORMATION
fixed length control field 260121s9999 xx 000 0 und d
041 ## - LANGUAGE CODE
Language code of text/sound track or separate title mar
082 ## - DEWEY DECIMAL CLASSIFICATION NUMBER
Classification number 398.2
100 ## - MAIN ENTRY--PERSONAL NAME
Personal name सहस्रबुद्धे, अनिल
245 ## - TITLE STATEMENT
Title अहिनकुल
250 ## - EDITION STATEMENT
Edition statement 2
260 ## - PUBLICATION, DISTRIBUTION, ETC. (IMPRINT)
Name of publisher, distributor, etc. भारतीय विचार साधना पुणे
Date of publication, distribution, etc. 2018
300 ## - PHYSICAL DESCRIPTION
Extent 246
650 ## - SUBJECT ADDED ENTRY--TOPICAL TERM
Topical term or geographic name as entry element मराठी साहित्य
Holdings
Withdrawn status Lost status Damaged status Not for loan Home library Current library Date acquired Vendor Cost, normal purchase price Bill number Total Checkouts Full call number Barcode Date last seen Cost, replacement price Bill Date Koha item type Original Barcode
        Manilal Nanavati Vocational Training Institute Pune Manilal Nanavati Vocational Training Institute Pune 25/04/2025 भारतीय विचार साधना 182.00 Ho/IN/603   398.2/SAH/B2236 MNVT-BK-2236 21/01/2026 260.00 18/03/2025 Books B2236